Διεθνείς μαθηματικές Ολυμπιάδες 1959-2000 : τα προβλήματα - οι λύσεις τους - ιστορικά σημειώματα

Αποθηκεύτηκε σε:
Λεπτομέρειες βιβλιογραφικής εγγραφής
Συγγραφή απο Οργανισμό/Αρχή: Ελληνική Μαθηματική Εταιρεία
Άλλοι συγγραφείς: Φελλούρης, Αργύρης
Μορφή: Βιβλίο
Γλώσσα:Greek
Δημοσίευση: Αθήνα : Ελληνική Μαθηματική Εταιρεία, 2001.
Θέματα:
Ετικέτες: Προσθήκη ετικέτας
Δεν υπάρχουν, Καταχωρήστε ετικέτα πρώτοι!

MARC

LEADER 00000nam a2200000 a 4500
001 1/125968
008 230123t2001####gr | ||| |||| ||gre||
020 |a 960734236 
040 |a GR-MyUa  |b gre  |c GR-MyUa  |e AACR2 
041 0 |a gre 
082 7 |a 510.76   |2 (23) 
245 1 0 |a Διεθνείς μαθηματικές Ολυμπιάδες 1959-2000 :   |b τα προβλήματα - οι λύσεις τους - ιστορικά σημειώματα /   |c Ελληνική Μαθηματική Εταιρεία, Α Φελούρης ...[κ.ά.].  
260 |a Αθήνα :   |b Ελληνική Μαθηματική Εταιρεία,   |c 2001. 
300 |a xix, 427 σ. ;   |c 24 εκ.  
500 |a Οι συγγραφείς της Επιτροπής διαγωνισμών της Ελληνικής Μαθηματικής Εταιρείας: Α. Φελούρης, Π. Βλάμος, Α. Δούναβης, Σ. Λουρίδας, Ε. Ράππος.  
650 0 |a Mathematics  |x Competitions. 
650 0 |a Mathematics  |x Problems, exercises, etc. 
700 1 |a Φελλούρης, Αργύρης. 
710 2 |a Ελληνική Μαθηματική Εταιρεία. 
852 |a INST  |b SAMOS  |e 20230123  |h 510.76 ΔΙΕ  |p 005300047362  |q 005300047362  |t BK  |y 0 
970 |a Γουβάλα  |b Βάσω  |z 23-01-2023